000 00607nam a2200193Ia 4500
005 20250423100148.0
008 250422s9999 xx 000 0 und d
020 _a0931431123
050 _aR 123 .D35/
100 _aDavis, Neil M.
245 0 _aMedical abbreviations : 14,000 conveniences at the expense of communications and safety
250 _a12th ed.
260 _aHuntingdon Valley
260 _b Davis Associates
260 _c2005
300 _a471 p
650 _aMedicine--Abbreviations--Dictionaries. Medicine--Acronyms--Dictionaries. Medicine--Notation--Dictionaries.
942 _cBK
999 _c32469
_d32469